Statystyki dla 15 najbardziej dotkniętych krajów Covid-19 - 24/10/2020

Kliknij tutaj aby rozwiązać quiz!

Ogólne statystyki

  • Ten quiz został rozwiązany 23 razy
  • Średni wynik to 13 z 25

Statystyki odpowiedzi

kraj% Poprawnych
Stany Zjednoczone
96%
Francja
87%
Hiszpania
87%
Włochy
87%
Indie
83%
Meksyk
83%
Rosja
83%
Brazylia
78%
Wielka Brytania
74%
Argentyna
70%
Chile
52%
Chile
52%
Peru
48%
Republika
Południowej Afryki
48%
Iran
43%
Kolumbia
43%
Czechy
30%
Belgia
22%
Katar
17%
Bahrajn
13%
Kuwejt
13%
Oman
13%
Panama
13%
Armenia
9%
Izrael
9%

Rozkład punktacji

Percentyl według liczby udzielonych odpowiedzi

Procent ludzi z każdym wynikiem

Twoja historia wyników

Nie rozwiązałeś tego quizu